X-Men Look & Find: Shi'ar Space Quiz Stats

 Plays Quiz not verified by Sporcle

Score 0/16 Timer 10:00
0 Plays Today
% Correct
Wolverine
98.6%
Archangel
95.8%
Beast
95.8%
Santa Claus
95.8%
Rogue
94.4%
Iceman
94.4%
Colossus
94.4%
Psylocke
94.4%
% Correct
Jubilee
94.4%
Cyclops
93.1%
Gambit
93.1%
Jean Grey
93.1%
Gladiator
91.7%
Storm
90.3%
Lilandra
90.3%
Forge
83.3%

You're not logged in!

Compare scores with friends on all Sporcle quizzes.
OR
Log In

Sporcle TV

Today on Sporcle TV


Watch our educational content, quiz creation guides, and fun videos on Sporcle TV.

Show Comments

Extras

Top Quizzes Today


Score Distribution

Your Account Isn't Verified!

In order to create a playlist on Sporcle, you need to verify the email address you used during registration. Go to your Sporcle Settings to finish the process.

Report this User

Report this user for behavior that violates our Community Guidelines.

Details: